<?xml version="1.0" encoding="UTF-8"?>
<record
    xmlns:xsi="http://www.w3.org/2001/XMLSchema-instance"
    xsi:schemaLocation="http://www.loc.gov/MARC21/slim http://www.loc.gov/standards/marcxml/schema/MARC21slim.xsd"
    xmlns="http://www.loc.gov/MARC21/slim">

  <leader>02118nam a2200301 a 4500</leader>
  <controlfield tag="001">000006779</controlfield>
  <controlfield tag="005">20251120073731.0</controlfield>
  <controlfield tag="008">090902s1993    dr d          000 0 spa d</controlfield>
  <datafield tag="040" ind1=" " ind2=" ">
    <subfield code="a">DO-SdBNP</subfield>
    <subfield code="b">spa</subfield>
    <subfield code="c">BNPHU</subfield>
  </datafield>
  <datafield tag="082" ind1=" " ind2=" ">
    <subfield code="a">467.973</subfield>
    <subfield code="b">P933f</subfield>
  </datafield>
  <datafield tag="111" ind1="1" ind2=" ">
    <subfield code="a">Seminario Internacional</subfield>
    <subfield code="c">Santo Domingo, Rep&#xFA;blica Dominicana</subfield>
    <subfield code="n">(1992 octubre. 1-3)</subfield>
    <subfield code="9">18848</subfield>
  </datafield>
  <datafield tag="245" ind1="1" ind2="0">
    <subfield code="a">Presente y futuro del espa&#xF1;ol en los Estados Unidos /</subfield>
    <subfield code="c">edici&#xF3;n Carmen P&#xE9;rez de Cabral : introducci&#xF3;n Ricardo Mini&#xF1;o G&#xF3;mez.</subfield>
  </datafield>
  <datafield tag="260" ind1=" " ind2=" ">
    <subfield code="a">Santiago de los Caballeros, Rep&#xFA;blica Dominicana :</subfield>
    <subfield code="b">PUCMM,</subfield>
    <subfield code="c">1993.</subfield>
  </datafield>
  <datafield tag="300" ind1=" " ind2=" ">
    <subfield code="a">184 p. :</subfield>
    <subfield code="b">gr&#xE1;f. ;</subfield>
    <subfield code="c">23 cm.</subfield>
  </datafield>
  <datafield tag="490" ind1="1" ind2=" ">
    <subfield code="a">Documento / Pontificia Universidad Cat&#xF3;lica Madre y Maestra</subfield>
    <subfield code="v">No. 168</subfield>
  </datafield>
  <datafield tag="500" ind1=" " ind2=" ">
    <subfield code="a">Incluye notas al pie de las p&#xE1;ginas</subfield>
  </datafield>
  <datafield tag="500" ind1=" " ind2=" ">
    <subfield code="a">Expositores /Manuel Alvar, Luis Guarnizo, Rafael Emilio Yun&#xE9;n, Orlando Alba, Amparo Morales, Humberto L&#xF3;pez Morales, Mario Paredes, Jerry Scott, Virgilio Alc&#xE1;ntara, Fhilippe Rossillon</subfield>
  </datafield>
  <datafield tag="504" ind1=" " ind2=" ">
    <subfield code="a">Incluye bibliograf&#xED;a (p. 85 - 86)</subfield>
  </datafield>
  <datafield tag="505" ind1="2" ind2=" ">
    <subfield code="a">Introducci&#xF3;n/Ricardo Mini&#xF1;o G&#xF3;mez -- Palabras de apertura / Mons. Agripino N&#xFA;&#xF1;ez Collado -- El Espa&#xF1;ol de los Estados Unidos:diacron&#xED;a y sincron&#xED;a/Manuel Alvar -- Perfil sociodemogr&#xE1;fico de la poblaci&#xF3;n latina de los Estados Unidos/Luis Eduardo Guarnizo -- Las migraciones contempor&#xE1;neas de Hispanohablantes hacia los Estados Unidos/Rafael Emilio Yun&#xE9;n -- Dialectog&#xED;a del Espa&#xF1;ol en los Estados Unidos/Orlando Alba -- El Espa&#xF1;ol en la Pastoral Cat&#xF3;lica en los Estados Unidos/Mario Paredes -- La imagen del Latino en el cine norteamericano/Jerry Scott -- Los medios de comunicaci&#xF3;n social en Espa&#xF1;ol en los Estados Unidos/Virgilio Alc&#xE1;ntara.</subfield>
  </datafield>
  <datafield tag="650" ind1=" " ind2="4">
    <subfield code="a">Espa&#xF1;ol en estados unidos</subfield>
    <subfield code="9">18849</subfield>
  </datafield>
  <datafield tag="650" ind1=" " ind2="4">
    <subfield code="a">Americanismos</subfield>
    <subfield code="9">18850</subfield>
  </datafield>
  <datafield tag="700" ind1="1" ind2=" ">
    <subfield code="a">Mini&#xF1;o G&#xF3;mez, Ricardo</subfield>
    <subfield code="9">18851</subfield>
  </datafield>
  <datafield tag="710" ind1="2" ind2=" ">
    <subfield code="a">Uni&#xF3;n Latina</subfield>
    <subfield code="9">18852</subfield>
  </datafield>
  <datafield tag="710" ind1="2" ind2=" ">
    <subfield code="a">Centro Cultural Hisp&#xE1;nico (Santo Domingo, Rep&#xFA;blica Dominicana)</subfield>
    <subfield code="9">18853</subfield>
  </datafield>
  <datafield tag="710" ind1="2" ind2=" ">
    <subfield code="a">Pontificia  Universidad Cat&#xF3;lica Madre y Maestra </subfield>
    <subfield code="9">843</subfield>
  </datafield>
  <datafield tag="830" ind1=" " ind2="0">
    <subfield code="a">Documentos / Pontificia Universidad Cat&#xF3;lica Madre y Maestra</subfield>
    <subfield code="v">No. 168</subfield>
    <subfield code="9">18854</subfield>
  </datafield>
  <datafield tag="049" ind1=" " ind2=" ">
    <subfield code="a">BNPD</subfield>
  </datafield>
  <datafield tag="952" ind1=" " ind2=" ">
    <subfield code="0">0</subfield>
    <subfield code="1">0</subfield>
    <subfield code="7">1</subfield>
    <subfield code="8">PD</subfield>
    <subfield code="a">PD</subfield>
    <subfield code="b">PD</subfield>
    <subfield code="c">CT</subfield>
    <subfield code="d">2009-09-02</subfield>
    <subfield code="i">LF1</subfield>
    <subfield code="l">0</subfield>
    <subfield code="o">467.973 P933f</subfield>
    <subfield code="p">6779-10</subfield>
    <subfield code="r">2020-06-25</subfield>
    <subfield code="w">2020-06-25</subfield>
    <subfield code="y">LFPD</subfield>
    <subfield code="Z">No se presta</subfield>
  </datafield>
  <datafield tag="952" ind1=" " ind2=" ">
    <subfield code="0">0</subfield>
    <subfield code="1">0</subfield>
    <subfield code="7">1</subfield>
    <subfield code="8">PD</subfield>
    <subfield code="a">PD</subfield>
    <subfield code="b">PD</subfield>
    <subfield code="c">CT</subfield>
    <subfield code="d">2009-09-02</subfield>
    <subfield code="i">LF1</subfield>
    <subfield code="l">0</subfield>
    <subfield code="o">467.973 P933f</subfield>
    <subfield code="p">6779-20</subfield>
    <subfield code="r">2020-06-25</subfield>
    <subfield code="t">e. 2</subfield>
    <subfield code="w">2020-06-25</subfield>
    <subfield code="y">LFPD</subfield>
    <subfield code="Z">No se presta</subfield>
  </datafield>
  <datafield tag="999" ind1=" " ind2=" ">
    <subfield code="c">6567</subfield>
    <subfield code="d">6567</subfield>
  </datafield>
</record>
